Ghostbusters : (Record no. 1323)

MARC details
000 -LEADER
fixed length control field 01820nam a2200241 a 4500
005 - DATE AND TIME OF LATEST TRANSACTION
control field 20260322212055.0
008 - FIXED-LENGTH DATA ELEMENTS--GENERAL INFORMATION
fixed length control field data
020 ## - INTERNATIONAL STANDARD BOOK NUMBER
International Standard Book Number 9786316587534 6316587538
099 ## - LOCAL FREE-TEXT CALL NUMBER (OCLC)
Classification number DVD 1001
001 - CONTROL NUMBER
control field data
100 1# - MAIN ENTRY--PERSONAL NAME
Personal name McCarthy, Melissa.
245 10 - TITLE STATEMENT
Title Ghostbusters :
Remainder of title answer the call
Statement of responsibility, etc. Columbia Pictures presents ; in association with Village Roadshow Pictures ; written by Katie Dippold & Paul Feig ; produced by Ivan Reitman, Amy Pascal ; directed by Paul Feig ; an Ivan Reitman production. Director of photography, Robert Yeoman ; editors, Brent White, Melissa Bretherton ; music, Theodore Shapiro.
250 ## - EDITION STATEMENT
Edition statement anamorphic widescreen.
260 ## - PUBLICATION, DISTRIBUTION, ETC.
Place of publication, distribution, etc. culver city, california :
Name of publisher, distributor, etc. Sony Pictures Home Entertainment,
Date of publication, distribution, etc. 2016.
300 ## - PHYSICAL DESCRIPTION
Extent DVD video 1 videodisc (approximately 117 min.) : sound, color ;
Other physical details 4 3/4 in.
500 ## - GENERAL NOTE
General note Title from initial title frame./ Based on the 1984 film Ghostbusters / an Ivan Reitman film ; written by Dan Aykroyd and Harold Ramis./ Originally released as a motion picture in 2016./ Anamorphic widescreen (2.39:1)./ Special features: Jokes-a-plenty: a free-for-all; Meet the team; Visual effects: 30 years later; Slime time; director's & writer's commentary; filmmaker commentary; photo gallery./ Participants: Melissa McCarthy, Kristen Wiig, Kate McKinnon, Leslie Jones, Charles Dance, Michael Kenneth Williams, Chris Hemsworth./ Audience: MPAA rating: PG-13; for supernatural action and some crude humor.
520 ## - SUMMARY, ETC.
Summary, etc. Following a ghost invasion of Manhattan, paranormal enthusiasts Erin Gilbert and Abby Yates, nuclear engineer Jillian Holtzmann, and subway worker Patty Tolan band together to stop the otherworldly threat.
650 #0 - SUBJECT ADDED ENTRY--TOPICAL TERM
Topical term or geographic name entry element Comedy films
650 #0 - SUBJECT ADDED ENTRY--TOPICAL TERM
Topical term or geographic name entry element Action and adventure films
650 #0 - SUBJECT ADDED ENTRY--TOPICAL TERM
Topical term or geographic name entry element Fantasy films
700 1# - ADDED ENTRY--PERSONAL NAME
Personal name Wiig, Kristen,
Dates associated with a name 1973-
700 1# - ADDED ENTRY--PERSONAL NAME
Personal name Hemsworth, Chris.
Holdings
Withdrawn status Lost status Damaged status Not for loan Home library Current library Shelving location Date acquired Total checkouts Full call number Barcode Date last seen Price effective from Koha item type
        Centerville Centerville General stacks 22/03/2026   GEN BC0011366 22/03/2026 22/03/2026 Books